header

Foucault and the government of disability (Record no. 195187)

MARC details
000 -LEADER
fixed length control field 01414nam a22003734a 4500
082 04 - DEWEY DECIMAL CLASSIFICATION NUMBER
Classification number 362.4/092
245 00 - TITLE STATEMENT
Title Foucault and the government of disability
260 ## - PUBLICATION, DISTRIBUTION, ETC. (IMPRINT)
Place of publication Ann Arbor :
Name of publisher University of Michigan Press,
Year of publication 2005.
300 ## - PHYSICAL DESCRIPTION
Number of Pages xvii, 340 p.
490 1# - SERIES STATEMENT
Series statement Corporealities
650 #0 - SUBJECT ADDED ENTRY--TOPICAL TERM
Topical Term Sociology of disability.
Topical Term Disabilities
Topical Term People with disabilities.
Topical Term Disability studies.
700 1# - ADDED ENTRY--PERSONAL NAME
Personal name Tremain, Shelley.
856 40 - ELECTRONIC LOCATION AND ACCESS
Uniform Resource Identifier http://site.ebrary.com/lib/rucke/Doc?id=10373071

No items available.

© 2026 Rongo University
Contact us: librarian | system librarian | Rongo university